<?xml version="1.0" encoding="UTF-8"?>
<record
    xmlns:xsi="http://www.w3.org/2001/XMLSchema-instance"
    xsi:schemaLocation="http://www.loc.gov/MARC21/slim http://www.loc.gov/standards/marcxml/schema/MARC21slim.xsd"
    xmlns="http://www.loc.gov/MARC21/slim">

  <leader>01001nam a22002297a 4500</leader>
  <datafield tag="952" ind1=" " ind2=" ">
    <subfield code="0">0</subfield>
    <subfield code="1">0</subfield>
    <subfield code="2">lcc</subfield>
    <subfield code="4">0</subfield>
    <subfield code="7">0</subfield>
    <subfield code="a">15</subfield>
    <subfield code="b">15</subfield>
    <subfield code="d">2016-04-26</subfield>
    <subfield code="l">0</subfield>
    <subfield code="o">610.73678 J66c 2011</subfield>
    <subfield code="p">15 007981</subfield>
    <subfield code="r">2017-12-07</subfield>
    <subfield code="t">1</subfield>
    <subfield code="w">2016-06-23</subfield>
    <subfield code="y">LB</subfield>
  </datafield>
  <datafield tag="952" ind1=" " ind2=" ">
    <subfield code="0">0</subfield>
    <subfield code="1">0</subfield>
    <subfield code="2">lcc</subfield>
    <subfield code="4">0</subfield>
    <subfield code="7">0</subfield>
    <subfield code="a">15</subfield>
    <subfield code="b">15</subfield>
    <subfield code="d">2016-04-26</subfield>
    <subfield code="l">0</subfield>
    <subfield code="o">610.73678 J66c 2011</subfield>
    <subfield code="p">15 008032</subfield>
    <subfield code="r">2017-12-07</subfield>
    <subfield code="t">2</subfield>
    <subfield code="w">2016-07-05</subfield>
    <subfield code="y">LB</subfield>
  </datafield>
  <datafield tag="952" ind1=" " ind2=" ">
    <subfield code="0">0</subfield>
    <subfield code="1">0</subfield>
    <subfield code="2">lcc</subfield>
    <subfield code="4">0</subfield>
    <subfield code="7">0</subfield>
    <subfield code="a">15</subfield>
    <subfield code="b">15</subfield>
    <subfield code="d">2016-04-26</subfield>
    <subfield code="l">0</subfield>
    <subfield code="o">610.73678 J66c 2011</subfield>
    <subfield code="p">15 008033</subfield>
    <subfield code="r">2017-12-07</subfield>
    <subfield code="t">3</subfield>
    <subfield code="w">2016-07-05</subfield>
    <subfield code="y">LB</subfield>
  </datafield>
  <datafield tag="999" ind1=" " ind2=" ">
    <subfield code="c">100201</subfield>
    <subfield code="d">100201</subfield>
  </datafield>
  <controlfield tag="005">20231102151942.0</controlfield>
  <controlfield tag="008">160623s2011    mx a|||| |||| 00| 0 spa d</controlfield>
  <datafield tag="020" ind1=" " ind2=" ">
    <subfield code="a">97860744880894</subfield>
  </datafield>
  <datafield tag="082" ind1=" " ind2=" ">
    <subfield code="a">610.73678</subfield>
    <subfield code="b"> J66c</subfield>
  </datafield>
  <datafield tag="100" ind1=" " ind2=" ">
    <subfield code="a">Joyce Y. Johnson </subfield>
    <subfield code="e">autor</subfield>
  </datafield>
  <datafield tag="245" ind1=" " ind2=" ">
    <subfield code="a">Enfermer&#xED;a materno-neonatal</subfield>
    <subfield code="c"> / Joyce Y. Johnson </subfield>
  </datafield>
  <datafield tag="250" ind1=" " ind2=" ">
    <subfield code="a">1 Edici&#xF3;n </subfield>
  </datafield>
  <datafield tag="260" ind1=" " ind2=" ">
    <subfield code="a">M&#xE9;xico</subfield>
    <subfield code="b"> : Manual moderno </subfield>
    <subfield code="c"> , 2011</subfield>
  </datafield>
  <datafield tag="300" ind1=" " ind2=" ">
    <subfield code="a">311 p&#xE1;ginas </subfield>
  </datafield>
  <datafield tag="500" ind1=" " ind2=" ">
    <subfield code="a">Incluye bibliograf&#xED;a pp.1-311</subfield>
  </datafield>
  <datafield tag="505" ind1=" " ind2=" ">
    <subfield code="a">Funciones y relaciones
Exploraciones sistem&#xE1;tica de las condiciones materno-neonatales y los cuidados de enfermer&#xED;a 
</subfield>
  </datafield>
  <datafield tag="519" ind1=" " ind2=" ">
    <subfield code="a">Plan UNAM /</subfield>
    <subfield code="d">(15 007981)
(15 008032)
(15 008033)</subfield>
    <subfield code="b">Enfermer&#xED;a /</subfield>
    <subfield code="c">Obtetricia I (1700) /
Obtetricia II (1800) /</subfield>
  </datafield>
  <datafield tag="650" ind1="1" ind2="4">
    <subfield code="a">FUNCIONES Y RELACIONES</subfield>
  </datafield>
  <datafield tag="650" ind1="1" ind2="4">
    <subfield code="a">EXPLORACIONES SISTEM&#xC1;TICA DE LAS CONDICIONES MATERNO-NEONATALES Y LOS CUIDADOS DE ENFERMER&#xCD;A</subfield>
  </datafield>
  <datafield tag="942" ind1=" " ind2=" ">
    <subfield code="c">LB</subfield>
  </datafield>
</record>
